متحدہ مجلس عمل (Record no. 75503)
[ view plain ]
| 000 -LEADER | |
|---|---|
| fixed length control field | 00499nam a22001457a 4500 |
| 005 - DATE AND TIME OF LATEST TRANSACTION | |
| control field | 20150907123636.0 |
| 008 - FIXED-LENGTH DATA ELEMENTS--GENERAL INFORMATION | |
| fixed length control field | 150907b xxu||||| |||| 00| 0 eng d |
| 040 ## - CATALOGING SOURCE | |
| Transcribing agency | PK-LaUMT |
| 082 ## - DEWEY DECIMAL CLASSIFICATION NUMBER | |
| Classification number | KHC 297.83 |
| Item number | ABU-M |
| 100 ## - MAIN ENTRY--PERSONAL NAME | |
| Personal name | ابو عمار زاید الراشدی |
| 245 ## - TITLE STATEMENT | |
| Title | متحدہ مجلس عمل |
| Remainder of title | توقعات کارکردگی اور انجام |
| Statement of responsibility, etc | ابو عمار زاید الراشدی |
| 260 ## - PUBLICATION, DISTRIBUTION, ETC. (IMPRINT) | |
| Place of publication, distribution, etc | گوجرانوالہ |
| Name of publisher, distributor, etc | الشریعہ اکادمی |
| Date of publication, distribution, etc | 2008 |
| 300 ## - PHYSICAL DESCRIPTION | |
| Extent | 150 ص |
| 942 ## - ADDED ENTRY ELEMENTS (KOHA) | |
| Koha item type | Books |
| Withdrawn status | Lost status | Damaged status | Home library | Current library | Date acquired | Full call number | Barcode | Date last seen | Price effective from | Koha item type |
|---|---|---|---|---|---|---|---|---|---|---|
| UMT Main Campus | UMT Main Campus | 2015-09-07 | KHC 297.83 ABU-M | 72488 | 2017-12-06 | 2015-09-07 | Books |
